[Event "Ruhrgebiet VK1 0001"]
[Site "Ruhrgebiet"]
[Date "2001.01.21"]
[Round "5"]
[White "Hackl, Rene"]
[Black "Guth, Gerd Volker"]
[Result "1-0"]
[WhiteElo "1955"]
[BlackElo "1808"]
[PlyCount "35"]
[EventDate "2000.09.17"]
[EventType "team-tourn"]
[EventRounds "9"]
[EventCountry "GER"]
[SourceTitle "EXT 2023"]
[Source "ChessBase"]
[SourceDate "2022.10.05"]
[SourceVersion "1"]
[SourceVersionDate "2022.10.05"]
[SourceQuality "1"]
[WhiteTeam "Ahlen II"]
[BlackTeam "Essen Rot Weiss"]
[WhiteTeamCountry "GER"]
[BlackTeamCountry "GER"]

1. e4 c5 2. Nf3 Nc6 3. d4 cxd4 4. Nxd4 Nxd4 5. Qxd4 e6 6. Nc3 a6 7. Bf4 Nf6 8. e5 Nh5 9. Be3 g6 10. Ne4 Be7 11. Bh6 Rg8 12. g4 Ng7 13. Nf6+ Bxf6 14. exf6 e5 15. Qxe5+ Ne6 16. 0-0-0 Qc7 17. Rd6 b5 18. Rxe6+ 1-0